Chimija promyšlennych stočnych vod
Saved in:
| Format: | Book |
|---|---|
| Language: | Russian |
| Published: |
Moskva :
Chimija,
1983
|
| Edition: | Per. s angl. |
| Tags: |
No Tags, Be the first to tag this record!
|
MARC
| LEADER | 00000nam a22000003a 4500 | ||
|---|---|---|---|
| 001 | stu141151 | ||
| 005 | 20141122174848.9 | ||
| 008 | 070510s1983----xxr-----------------rus-d | ||
| 040 | |a STU |b slo | ||
| 041 | 0 | |a rus | |
| 044 | |a xxr | ||
| 080 | |a 628.32:54 | ||
| 245 | |a Chimija promyšlennych stočnych vod | ||
| 250 | |a Per. s angl. | ||
| 260 | |a Moskva : |b Chimija, |c 1983 | ||
| 300 | |a 359 s | ||
| 996 | |c V*24513/O-10070 |l VV17 |s P |a 0 |w stu141151_0002 | ||